00747 2200277 4500001002100000005001700021008004100038020002200079035002500101040001200126082001600138084001600154090001600170100001800186245003500204250001100239260003700250300004100287500002700328650002600355700002500381850001200406990001700418990001700435990001700452INLIS00000000000038120141127085058.0  a978-979-692-179-9 a0010-101400000000276 aYOPDYOG a005.1 Den D a005.1 Den D a005.1 Den D aDENI DARMAWAN aDesain dan pemrograman website aCet. 1 aBandungbRemaja Rosdakaryac2013 avi, 207 hlm.bilus.c24 cm. [3 eks.] aBibliografi : hlm. 207 aKomputer, pemrograman aDeden Hendra Permana aYOPDYOG a8992-PD/B.14 a8993-PD/B.14 a8994-PD/B.14